000
00333nam a2200145Ia 4500
100
_a
Keiser/Gerd
942
_c
BK
654
_a
Optical fiber
245
_a
Optical fiber communication 2nd ed
260
_b
McGraw Hill International
_a
New York
_c
1991
082
_a
380414
_b
KEI
300
_a
461
546
_a
ENGLISH
999
_c
25452
_d
25452